000 00590nam a2200193Ia 4500
005 20250508155655.0
008 008 250505s9999 xx 000 0 eng d
037 _aBooks to be hide in OPAC
040 _aFEDL
_beng
_cFEDL
041 _aeng
_2eng
084 _a155.4, NCE/O
_qFEDL
100 _aMuralidharan Rajalaskhmi
_9767240
245 0 _aAdaptive development of Indian children: Developmental norms of Indian children two and half to five years
245 0 _cNCERT
260 _c1978
300 _a234p.
942 _cHB
_h155.4, NCE/O
999 _c1358712
_d1358712